The Theory of functional grammar
Gorde:
| Egile nagusia: | |
|---|---|
| Formatua: | Liburua |
| Hizkuntza: | Undetermined |
| Argitaratua: |
Berlin
Mouton de Gruyter
1997
|
| Gaiak: | |
| Etiketak: |
Etiketa erantsi
Etiketarik gabe, Izan zaitez lehena erregistro honi etiketa jartzen!
|
| Thư viện lưu trữ: | Trung tâm Học liệu Trường Đại học Cần Thơ |
|---|
| LEADER | 00587nam a2200193Ia 4500 | ||
|---|---|---|---|
| 001 | CTU_196095 | ||
| 008 | 210402s9999 xx 000 0 und d | ||
| 020 | |c 1928000 | ||
| 082 | |a 415 | ||
| 082 | |b D536/P.2 | ||
| 100 | |a Dik, Simon C. | ||
| 245 | 4 | |a The Theory of functional grammar | |
| 245 | 0 | |c Simon C. Dik ; edited by Kees Hengeveld. | |
| 260 | |a Berlin | ||
| 260 | |b Mouton de Gruyter | ||
| 260 | |c 1997 | ||
| 650 | |a Thuyết chức năng (ngôn ngữ học),Functionalism (Linguistics) | ||
| 904 | |i Bằng | ||
| 980 | |a Trung tâm Học liệu Trường Đại học Cần Thơ | ||